| 000 | 00723nam a22002890a 4500 | ||
|---|---|---|---|
| 001 | PT55633 | ||
| 003 | AR-LpoUNG | ||
| 005 | 20250520133902.0 | ||
| 008 | 191001s2010||||ag |||||||||||||||||spa d | ||
| 020 |
_a9789876053150 _c$74 |
||
| 040 |
_aAR-LpoUNG _bspa _cAR-LpoUNG _eaacr |
||
| 041 | _aspa | ||
| 044 | _aag | ||
| 082 | 0 | _aA863 211sap | |
| 100 | 1 | _aSánchez, Fernando Javier | |
| 245 | 1 | 0 | _aCuando los sapos parecen pájaros |
| 250 | _a1ra. ed. | ||
| 260 |
_aBuenos Aires : _bEl escriba, _c2010. |
||
| 300 |
_a137 p. : _bil. |
||
| 650 | 4 | _aARGENTINA | |
| 650 | 4 | _aLITERATURA | |
| 650 | 4 | _aNOVELAS | |
| 653 | 0 | _aAUTORES LOCALES | |
| 653 | 0 | _aLITERATURA ARGENTINA | |
| 905 | _a55633 | ||
| 942 |
_cLIB _2ddc |
||
| 999 |
_c11529 _d11529 |
||